[Event "AI Cup Play In"]
[Site "Chess.com INT"]
[Date "2023.09.18"]
[Round "7"]
[White "Hajiyev, Kanan"]
[Black "Sztokbant, Bernardo Vainzoff"]
[Result "0-1"]
[WhiteElo "2113"]
[BlackElo "2213"]
[PlyCount "88"]
[EventDate "2023.09.18"]
[EventType "swiss (rapid)"]
[EventRounds "9"]
[EventCountry "USA"]
[SourceTitle "EXT 2024"]
[Source "ChessBase"]
[SourceDate "2023.10.10"]
[SourceVersion "1"]
[SourceVersionDate "2023.10.10"]
[SourceQuality "1"]

1. d4 Nf6 2. Nf3 e6 3. c4 d5 4. cxd5 exd5 5. Nc3 c6 6. Qc2 g6 7. Bg5 Be7 8. e3 Bf5 9. Bd3 Bxd3 10. Qxd3 Nbd7 11. 0-0 0-0 12. Rab1 Re8 13. Qc2 a5 14. Bf4 Nf8 15. Ne5 Nh5 16. Bh6 f6 17. Nd3 Ne6 18. g4 Nhg7 19. f4 Bd6 20. Rbe1 Qd7 21. Qg2 f5 22. h3 Kh8 23. Ne5 Bxe5 24. fxe5 Qe7 25. Qg3 Rg8 26. Rf2 fxg4 27. Bxg7+ Rxg7 28. hxg4 h5 29. Rf6 Ng5 30. Ref1 Rag8 31. Qh4 Nf7 32. Kg2 Nh6 33. Rh1 Rh7 34. g5 Ng4 35. Rf3 Rf8 36. Rhf1 Rhf7 37. Ne2 Nxe3+ 38. Rxe3 Rxf1 39. Ng3 Qf7 40. Re2 Qf3+ 41. Kh2 Rh1+ 42. Nxh1 Qxe2+ 43. Kh3 Rf3+ 44. Ng3 Qf1+ 0-1

[Event "Titled Tuesday intern op 25th Jul Late"]
[Site "Chess.com INT"]
[Date "2023.07.25"]
[Round "1"]
[White "Sztokbant, Bernardo Vainzoff"]
[Black "Troff, Kayden W"]
[Result "0-1"]
[WhiteElo "2213"]
[BlackElo "2483"]
[PlyCount "126"]
[EventDate "2023.07.25"]
[EventType "swiss (blitz)"]
[EventRounds "11"]
[EventCountry "USA"]
[SourceTitle "EXT 2024"]
[Source "ChessBase"]
[SourceDate "2023.10.10"]
[SourceVersion "1"]
[SourceVersionDate "2023.10.10"]
[SourceQuality "1"]

1. e4 c5 2. Nf3 g6 3. c3 Bg7 4. d4 cxd4 5. cxd4 d5 6. exd5 Nf6 7. Nc3 0-0 8. Bc4 Nbd7 9. Bb3 Nb6 10. 0-0 Nfxd5 11. h3 Be6 12. Re1 Nxc3 13. bxc3 Bd5 14. Bg5 Bf6 15. Bxf6 exf6 16. Nd2 Rc8 17. Re3 Qd7 18. Qe2 Bxb3 19. axb3 Nd5 20. Rf3 Nxc3 21. Qd3 Qxd4 22. Qxd4 Ne2+ 23. Kh2 Nxd4 24. Rxf6 Rc6 25. Rf4 Nb5 26. Nc4 Re8 27. Rd1 Re7 28. h4 h5 29. Rd5 a6 30. g4 hxg4 31. h5 gxh5 32. Rxh5 Rg6 33. Ne5 Rxe5 34. Rxe5 Nd6 35. Kg3 Kf8 36. Rxg4 Rh6 37. Rf4 Rh1 38. Rd5 Ke7 39. Rf3 Rh6 40. Re3+ Kf8 41. Kf3 Rf6+ 42. Ke2 Nb5 43. Rd7 b6 44. Rb7 a5 45. Rb8+ Kg7 46. Rg3+ Kh7 47. Rd8 Nd6 48. Kf1 Ne4 49. Rg2 Rf5 50. Rd4 Nf6 51. Rh4+ Nh5 52. Rgg4 Kh6 53. Rg8 f6 54. Rh8+ Kg6 55. Rb8 b5 56. Rg4+ Kf7 57. Rb7+ Ke6 58. Re4+ Kd5 59. Rh4 Kc5 60. Ra7 Kb6 61. Ra8 Nf4 62. Rhh8 Kc5 63. Rxa5 Kb4 0-1

[Event "Julius Baer Play In"]
[Site "Chess.com INT"]
[Date "2023.07.24"]
[Round "4.76"]
[White "Sztokbant, Bernardo Vainzoff"]
[Black "Yuan, Qingyu"]
[Result "1/2-1/2"]
[WhiteElo "2213"]
[BlackElo "2380"]
[PlyCount "39"]
[EventDate "2023.07.24"]
[EventType "swiss (rapid)"]
[EventRounds "9"]
[EventCountry "GER"]
[SourceTitle "CBM 215 Extra"]
[Source "ChessBase"]
[SourceDate "2023.09.30"]
[SourceVersion "1"]
[SourceVersionDate "2023.09.30"]
[SourceQuality "1"]

1. e4 e5 2. Nf3 Nc6 3. Bb5 Nf6 4. 0-0 Nxe4 5. d4 Nd6 6. Bxc6 dxc6 7. dxe5 Nf5 8. Qxd8+ Kxd8 9. Nc3 Ke8 10. h3 h5 11. Ne2 b6 12. Nf4 Bb7 13. c4 Rd8 14. e6 Bd6 15. exf7+ Kxf7 16. Ng5+ Kf6 17. Ne4+ Kf7 18. Ng5+ Kf6 19. Ne4+ Kf7 20. Ng5+ 1/2-1/2

[Event "Julius Baer Play In"]
[Site "Chess.com INT"]
[Date "2023.07.24"]
[Round "6.74"]
[White "Weetik, Vjacheslav"]
[Black "Sztokbant, Bernardo Vainzoff"]
[Result "1/2-1/2"]
[WhiteElo "2423"]
[BlackElo "2213"]
[PlyCount "223"]
[EventDate "2023.07.24"]
[EventType "swiss (rapid)"]
[EventRounds "9"]
[EventCountry "GER"]
[SourceTitle "CBM 215 Extra"]
[Source "ChessBase"]
[SourceDate "2023.09.30"]
[SourceVersion "1"]
[SourceVersionDate "2023.09.30"]
[SourceQuality "1"]

1. d4 d5 2. c4 dxc4 3. Nf3 Nf6 4. e3 e6 5. Bxc4 c5 6. 0-0 Be7 7. dxc5 Qxd1 8. Rxd1 Bxc5 9. Ne5 0-0 10. Be2 Nbd7 11. Nd3 Be7 12. Nc3 b6 13. Bf3 Rb8 14. Nb5 a6 15. Nd4 Bb7 16. Nc6 Bxc6 17. Bxc6 Rfc8 18. Bf3 Nc5 19. Ne5 Rc7 20. Nc6 Rbc8 21. Nxe7+ Rxe7 22. Bd2 Nce4 23. Bb4 Rec7 24. Be2 a5 25. Be1 Kf8 26. f3 Nc5 27. Bg3 Rd7 28. e4 Ne8 29. Bb5 Rxd1+ 30. Rxd1 Ke7 31. Kf2 f6 32. Ke2 e5 33. Bxe8 Rxe8 34. b3 Ne6 35. Bf2 b5 36. Rc1 Rd8 37. g3 Rb8 38. Rc6 a4 39. Ra6 axb3 40. axb3 Rc8 41. Kd2 Ng5 42. Ra7+ Ke6 43. Rxg7 Nxf3+ 44. Ke2 Rc3 45. Rxh7 Ng5 46. Rb7 Rxb3 47. Be3 Nxe4 48. g4 Nd6 49. Rb8 Rb2+ 50. Kf3 Rxh2 51. Bc5 Nf7 52. Rxb5 Ng5+ 53. Kg3 Rh3+ 54. Kg2 Rc3 55. Bf2 Rc2 56. Kf1 Ne4 57. Bh4 Rh2 58. Be1 Rh1+ 59. Ke2 Rg1 60. Rb6+ Kf7 61. Rb4 Rxg4 62. Kf3 Rf4+ 63. Ke3 f5 64. Rb7+ Ke6 65. Rb6+ Kd5 66. Rb5+ Ke6 67. Rb6+ Kd5 68. Rb5+ Nc5 69. Bb4 Re4+ 70. Kf3 Rc4 71. Ba3 Kd4 72. Bb2+ Kd5 73. Rb8 Rc2 74. Rd8+ Ke6 75. Re8+ Kd5 76. Rxe5+ Kc4 77. Re2 Rxe2 78. Kxe2 Kd5 79. Kf3 Ke6 80. Bd4 Ne4 81. Ba7 Nd2+ 82. Ke3 Nc4+ 83. Kf4 Ne5 84. Bd4 Ng6+ 85. Kg5 Ne7 86. Kf4 Nc6 87. Bc3 Ne7 88. Kf3 Nd5 89. Bd4 Kf7 90. Be5 Kg6 91. Bb2 Kg5 92. Bc1+ Kf6 93. Bb2+ Ke6 94. Bd4 Nb4 95. Bc3 Nc2 96. Kf4 Na3 97. Bb4 Nc4 98. Bc3 Nd6 99. Bb4 Nb5 100. Bc5 Nc3 101. Ba3 Ne2+ 102. Ke3 Ng3 103. Kf4 Ne2+ 104. Ke3 Nc3 105. Kf4 Nd5+ 106. Kf3 Nc3 107. Bb2 Nd1 108. Bd4 Kd5 109. Kf4 Ke6 110. Kf3 Kd5 111. Kf4 Kxd4 112. Kxf5 1/2-1/2

[Event "Titled Tuesday intern op 11th Jul Late"]
[Site "Chess.com INT"]
[Date "2023.07.11"]
[Round "1"]
[White "Sztokbant, Bernardo Vainzoff"]
[Black "Svane, Frederik"]
[Result "0-1"]
[WhiteElo "2213"]
[BlackElo "2618"]
[PlyCount "84"]
[EventDate "2023.07.11"]
[EventType "swiss (blitz)"]
[EventRounds "11"]
[EventCountry "USA"]
[SourceTitle "EXT 2024"]
[Source "ChessBase"]
[SourceDate "2023.10.10"]
[SourceVersion "1"]
[SourceVersionDate "2023.10.10"]
[SourceQuality "1"]

1. e4 c5 2. Nc3 e6 3. f4 Nc6 4. Nf3 g6 5. g3 Bg7 6. Bg2 Nge7 7. 0-0 0-0 8. d3 b6 9. Kh1 Bb7 10. e5 d6 11. exd6 Qxd6 12. Qe2 Nf5 13. Ne4 Qd7 14. c3 Rad8 15. Rd1 Rfe8 16. Be3 Nxe3 17. Qxe3 f5 18. Nf2 e5 19. Re1 h6 20. Rad1 Kh7 21. Kg1 Re7 22. a3 Rde8 23. Qc1 exf4 24. Qxf4 Rxe1+ 25. Rxe1 Rxe1+ 26. Nxe1 g5 27. Qe3 Kg6 28. Bh3 Ne5 29. Bg2 Ba6 30. Bh3 Bf6 31. Bg2 Bb5 32. Bh3 g4 33. Bg2 h5 34. b4 Qd6 35. bxc5 bxc5 36. d4 cxd4 37. cxd4 Nc4 38. Qb3 Bxd4 39. Qxb5 Bxf2+ 40. Kxf2 Qd2+ 41. Kg1 Qe3+ 42. Kh1 Qxe1+ 0-1

[Event "Titled Tuesday intern op 13th Jun Early"]
[Site "Chess.com INT"]
[Date "2023.06.13"]
[Round "2"]
[White "Baker, Chris W"]
[Black "Sztokbant, Bernardo Vainzoff"]
[Result "0-1"]
[WhiteElo "2245"]
[BlackElo "2213"]
[PlyCount "86"]
[EventDate "2023.06.13"]
[EventType "swiss (blitz)"]
[EventRounds "11"]
[EventCountry "USA"]
[SourceTitle "EXT 2024"]
[Source "ChessBase"]
[SourceDate "2023.10.10"]
[SourceVersion "1"]
[SourceVersionDate "2023.10.10"]
[SourceQuality "1"]

1. d4 d5 2. c4 dxc4 3. Nf3 Nf6 4. e3 e6 5. Bxc4 c5 6. 0-0 Nc6 7. dxc5 Qxd1 8. Rxd1 Bxc5 9. a3 0-0 10. b4 Be7 11. Bb2 b6 12. Nbd2 Bb7 13. Nb3 Rac8 14. Rac1 Rfd8 15. Be2 Kf8 16. Nbd4 Nxd4 17. Nxd4 Rxc1 18. Rxc1 Ne8 19. Bf3 Bxf3 20. Nxf3 Bf6 21. Bxf6 Nxf6 22. Kf1 Rd3 23. Rc7 Rxa3 24. Ne5 Ke8 25. Nxf7 Ne4 26. f3 Ra1+ 27. Ke2 Ra2+ 28. Kd3 Nf6 29. Nd6+ Kf8 30. Rf7+ Kg8 31. Re7 Rxg2 32. Rxa7 h5 33. Rb7 Rxh2 34. Rxb6 h4 35. b5 h3 36. Rc6 Rb2 37. Rc1 h2 38. Rh1 Nh5 39. Nc4 Ng3 40. Nxb2 Nxh1 41. b6 Nf2+ 42. Ke2 h1Q 43. b7 Qh2 0-1

[Event "Titled Tuesday intern op 30th May Late"]
[Site "Chess.com INT"]
[Date "2023.05.30"]
[Round "3"]
[White "Sztokbant, Bernardo Vainzoff"]
[Black "Bjelobrk, Igor"]
[Result "0-1"]
[WhiteElo "2213"]
[BlackElo "2403"]
[PlyCount "80"]
[EventDate "2023.05.30"]
[EventType "swiss (blitz)"]
[EventRounds "11"]
[EventCountry "USA"]
[SourceTitle "CBM 214 Extra"]
[Source "ChessBase"]
[SourceDate "2023.07.31"]
[SourceVersion "1"]
[SourceVersionDate "2023.07.31"]
[SourceQuality "1"]

1. e4 e6 2. d4 d5 3. Nd2 c5 4. exd5 Qxd5 5. Ngf3 cxd4 6. Bc4 Qd7 7. 0-0 Nc6 8. Nb3 a6 9. Nbxd4 Nxd4 10. Nxd4 Nf6 11. c3 b5 12. Be2 Bb7 13. Bf3 Nd5 14. a4 Be7 15. axb5 axb5 16. Rxa8+ Bxa8 17. Qb3 b4 18. c4 Nc7 19. Bxa8 Nxa8 20. Be3 0-0 21. Ra1 Nc7 22. Ra7 Bc5 23. Qa4 Qxa4 24. Rxa4 Rd8 25. Kf1 Bxd4 26. Bxd4 Rxd4 27. Rxb4 Kf8 28. Ke2 Ke7 29. Ke3 e5 30. Ra4 f5 31. b3 f4+ 32. Ke2 e4 33. Ra7 Kd6 34. Ra5 h6 35. h4 Rd3 36. Ra3 Ne6 37. Ra6+ Ke5 38. b4 f3+ 39. gxf3 Nf4+ 40. Ke1 exf3 0-1

[Event "Titled Tuesday intern op 25th Apr Late"]
[Site "Chess.com INT"]
[Date "2023.04.25"]
[Round "1"]
[White "Torres Dominguez, David"]
[Black "Sztokbant, Bernardo Vainzoff"]
[Result "0-1"]
[WhiteElo "1987"]
[BlackElo "2213"]
[PlyCount "50"]
[EventDate "2023.04.25"]
[EventType "swiss (blitz)"]
[EventRounds "11"]
[EventCountry "USA"]
[SourceTitle "EXT 2024"]
[Source "ChessBase"]
[SourceDate "2023.10.10"]
[SourceVersion "1"]
[SourceVersionDate "2023.10.10"]
[SourceQuality "1"]

1. e4 c5 2. Nc3 Nc6 3. Bb5 Nd4 4. Bc4 e6 5. Nge2 b6 6. 0-0 Bb7 7. d3 d6 8. Nxd4 cxd4 9. Bb5+ Ke7 10. Ne2 e5 11. f4 Nf6 12. fxe5 dxe5 13. Bg5 Qd6 14. Bxf6+ gxf6 15. Ng3 Bc8 16. Ba6 Be6 17. Bc4 Bh6 18. Qh5 Bf4 19. Nf5+ Bxf5 20. Qxf7+ Kd8 21. exf5 Rc8 22. Be6 Rf8 23. Qxa7 Rxc2 24. Qa4 Qc6 25. Qa3 Qxg2# 0-1

[Event "Titled Tuesday intern op 11th Apr Late"]
[Site "Chess.com INT"]
[Date "2023.04.11"]
[Round "1"]
[White "Kamsky, Gata"]
[Black "Sztokbant, Bernardo Vainzoff"]
[Result "1-0"]
[WhiteElo "2665"]
[BlackElo "2213"]
[PlyCount "65"]
[EventDate "2023.04.11"]
[EventType "swiss (blitz)"]
[EventRounds "11"]
[EventCountry "USA"]
[SourceTitle "CBM 213 Extra"]
[Source "ChessBase"]
[SourceDate "2023.05.31"]
[SourceVersion "1"]
[SourceVersionDate "2023.05.31"]
[SourceQuality "1"]

1. e4 c5 2. Nf3 d6 3. Nc3 Nc6 4. Bc4 Nf6 5. d3 g6 6. h3 Bg7 7. a3 0-0 8. 0-0 a6 9. Bf4 b5 10. Ba2 Nd7 11. Qd2 Nde5 12. Nxe5 Nxe5 13. Bh6 Bb7 14. Bxg7 Kxg7 15. f4 Nc6 16. f5 Ne5 17. Rf2 f6 18. h4 Bc6 19. Ne2 a5 20. Nf4 Bd7 21. Raf1 Kh8 22. fxg6 hxg6 23. Nxg6+ Kg7 24. Nxe5 dxe5 25. Rf3 Rh8 26. Qf2 Qe8 27. Rg3+ Kf8 28. Qxc5 Qh5 29. Rxf6+ Ke8 30. Bf7+ Qxf7 31. Rxf7 Kxf7 32. Qxe5 Ra6 33. Qxh8 1-0

[Event "Titled Tuesday intern op 28th Mar Early"]
[Site "Chess.com INT"]
[Date "2023.03.28"]
[Round "4"]
[White "Jiganchine, Roman"]
[Black "Sztokbant, Bernardo Vainzoff"]
[Result "0-1"]
[WhiteElo "2205"]
[BlackElo "2213"]
[PlyCount "64"]
[EventDate "2023.03.28"]
[EventType "swiss (blitz)"]
[EventRounds "11"]
[EventCountry "USA"]
[SourceTitle "EXT 2024"]
[Source "ChessBase"]
[SourceDate "2023.10.10"]
[SourceVersion "1"]
[SourceVersionDate "2023.10.10"]
[SourceQuality "1"]

1. e4 c5 2. Nf3 d6 3. Bb5+ Bd7 4. Bxd7+ Qxd7 5. c4 Nc6 6. d4 cxd4 7. Nxd4 Nf6 8. Nc3 g6 9. f3 Bg7 10. Be3 Rc8 11. b3 0-0 12. 0-0 a6 13. a4 Na5 14. Rb1 e6 15. Qd2 Qc7 16. Rfc1 Nd7 17. Qf2 Nc5 18. b4 Nd3 19. Qe2 Nxc1 20. Rxc1 Nxc4 21. Bf2 d5 22. exd5 Qf4 23. Rd1 Rfd8 24. g3 Qd6 25. Ne4 Qxd5 26. Kg2 e5 27. Nf5 Qxd1 28. Ne7+ Kf8 29. Nxg6+ hxg6 30. Qa2 Ne3+ 31. Bxe3 Rc2+ 32. Qxc2 Qxc2+ 0-1

[Event "Titled Tuesday intern op 28th Mar Late"]
[Site "Chess.com INT"]
[Date "2023.03.28"]
[Round "1"]
[White "Kamsky, Gata"]
[Black "Sztokbant, Bernardo Vainzoff"]
[Result "1-0"]
[WhiteElo "2663"]
[BlackElo "2213"]
[PlyCount "81"]
[EventDate "2023.03.28"]
[EventType "swiss (blitz)"]
[EventRounds "11"]
[EventCountry "USA"]
[SourceTitle "EXT 2024"]
[Source "ChessBase"]
[SourceDate "2023.10.10"]
[SourceVersion "1"]
[SourceVersionDate "2023.10.10"]
[SourceQuality "1"]

1. e4 c5 2. Nc3 Nc6 3. Bc4 e6 4. a3 Nf6 5. d3 Be7 6. Ba2 0-0 7. Nf3 d5 8. 0-0 b6 9. Bf4 Bb7 10. e5 Nd7 11. Re1 a6 12. d4 Rc8 13. h3 Qc7 14. Ne2 cxd4 15. Nexd4 Nxd4 16. Nxd4 b5 17. c3 Nc5 18. Bb1 Ne4 19. Qg4 Rfe8 20. Bd3 Bc5 21. f3 Qb6 22. Be3 f5 23. exf6 Nxf6 24. Qh4 e5 25. b4 Bxd4 26. cxd4 e4 27. Bf1 exf3 28. gxf3 Rc3 29. Bg5 Rf8 30. Re3 Rxe3 31. Bxe3 Re8 32. Bg5 Rf8 33. Bd3 h6 34. Be3 Bc8 35. Rc1 Qe6 36. Bf4 Qxh3 37. Qxh3 Bxh3 38. Bd6 Re8 39. Kf2 Bd7 40. Be5 Rc8 41. Rc5 1-0

[Event "Titled Tuesday intern op 28th Mar Late"]
[Site "Chess.com INT"]
[Date "2023.03.28"]
[Round "3"]
[White "Nazari, Arad"]
[Black "Sztokbant, Bernardo Vainzoff"]
[Result "0-1"]
[WhiteElo "2366"]
[BlackElo "2213"]
[PlyCount "118"]
[EventDate "2023.03.28"]
[EventType "swiss (blitz)"]
[EventRounds "11"]
[EventCountry "USA"]
[SourceTitle "EXT 2024"]
[Source "ChessBase"]
[SourceDate "2023.10.10"]
[SourceVersion "1"]
[SourceVersionDate "2023.10.10"]
[SourceQuality "1"]

1. e4 c5 2. Nf3 Nc6 3. Bb5 e6 4. 0-0 Nge7 5. d4 cxd4 6. Nxd4 a6 7. Nxc6 Nxc6 8. Be2 Bc5 9. Nc3 0-0 10. Na4 Ba7 11. c4 d6 12. b3 Qc7 13. Bb2 Bd7 14. Rc1 e5 15. c5 dxc5 16. Nxc5 Rad8 17. Qc2 Nb4 18. Qc4 Nxa2 19. Nxd7 Qxd7 20. Rcd1 Qe7 21. Rd5 Rxd5 22. Qxd5 Rd8 23. Qxe5 Qxe5 24. Bxe5 Rd2 25. Bc4 Kf8 26. g4 f6 27. Bf4 Rb2 28. Bg3 Nc3 29. Re1 b5 30. Be6 Ke7 31. Bg8 Ne2+ 32. Kh1 Nxg3+ 33. fxg3 a5 34. Ra1 Bb6 35. h4 Bc7 36. h5 h6 37. Bd5 Kd6 38. Rc1 Bb8 39. Rc6+ Ke5 40. Rb6 Bd6 41. Rxb5 Kd4 42. Rxa5 Bxg3 43. Ra7 Ke3 44. Rxg7 Bf4 45. Ra7 Kf2 46. Ra1 Kg3 47. Rg1+ Kh3 48. Re1 Rh2+ 49. Kg1 Rb2 50. e5 Bxe5 51. Re3+ Kh4 52. Be6 Bd4 53. Kf1 Bxe3 54. Ke1 Kg5 55. Kd1 Kf4 56. Ke1 Rd2 57. b4 Rd6 58. Bc4 Bd2+ 59. Ke2 Bxb4 0-1

[Event "Titled Tuesday intern op 28th Mar Late"]
[Site "Chess.com INT"]
[Date "2023.03.28"]
[Round "2"]
[White "Sztokbant, Bernardo Vainzoff"]
[Black "Gruzman, Ilya"]
[Result "1-0"]
[WhiteElo "2213"]
[BlackElo "2131"]
[PlyCount "99"]
[EventDate "2023.03.28"]
[EventType "swiss (blitz)"]
[EventRounds "11"]
[EventCountry "USA"]
[SourceTitle "EXT 2024"]
[Source "ChessBase"]
[SourceDate "2023.10.10"]
[SourceVersion "1"]
[SourceVersionDate "2023.10.10"]
[SourceQuality "1"]

1. e4 c5 2. Nf3 e6 3. d4 cxd4 4. Nxd4 Nf6 5. Nc3 Nc6 6. Ndb5 Bb4 7. a3 Bxc3+ 8. Nxc3 d5 9. exd5 exd5 10. Bd3 0-0 11. 0-0 d4 12. Ne2 Bg4 13. Bf4 Re8 14. f3 Bh5 15. Qd2 Nd5 16. Rfe1 Qf6 17. Be4 Rad8 18. Bg5 Qd6 19. Bxd8 Rxd8 20. Nxd4 Nf6 21. c3 Nxd4 22. cxd4 Qb6 23. Rad1 h6 24. Bb1 Nd5 25. Re5 Bg6 26. Bxg6 fxg6 27. Rde1 Nf6 28. Rd1 Kh7 29. h3 a6 30. Kh1 Nh5 31. d5 Qd6 32. Rde1 Ng3+ 33. Kg1 Nf5 34. Qb4 Qd7 35. Qb6 Ng3 36. Re7 Qxd5 37. Qxb7 Qd4+ 38. Kh2 Nf5 39. R7e4 Qd6+ 40. Kg1 Qc5+ 41. Kh2 Qd6+ 42. f4 Qd2 43. Qc7 Qd3 44. Re5 Qg3+ 45. Kh1 Rd2 46. Qc6 Qxf4 47. Qf3 Ng3+ 48. Kg1 Ne2+ 49. R5xe2 Qd4+ 50. Qf2 1-0

[Event "Titled Tuesday intern op 28th Mar Early"]
[Site "Chess.com INT"]
[Date "2023.03.28"]
[Round "3"]
[White "Sztokbant, Bernardo Vainzoff"]
[Black "Mahdavi, Reza"]
[Result "0-1"]
[WhiteElo "2213"]
[BlackElo "2324"]
[PlyCount "114"]
[EventDate "2023.03.28"]
[EventType "swiss (blitz)"]
[EventRounds "11"]
[EventCountry "USA"]
[SourceTitle "EXT 2024"]
[Source "ChessBase"]
[SourceDate "2023.10.10"]
[SourceVersion "1"]
[SourceVersionDate "2023.10.10"]
[SourceQuality "1"]

1. e4 c5 2. Nf3 e6 3. d4 cxd4 4. Nxd4 Nc6 5. Nc3 Qc7 6. Nxc6 bxc6 7. Bd3 d5 8. 0-0 Nf6 9. Qe2 Be7 10. b3 0-0 11. Bb2 a5 12. Kh1 Re8 13. Rad1 Bb7 14. f4 Nd7 15. e5 Nc5 16. f5 Nxd3 17. cxd3 exf5 18. Rxf5 Bc8 19. Rxf7 Kxf7 20. Qh5+ Kf8 21. Rf1+ Bf6 22. exf6 g6 23. Qh6+ Kg8 24. h3 Qf7 25. Na4 Bf5 26. Nc5 Re2 27. Bd4 Rae8 28. Qg5 Bc8 29. Qh6 Rxa2 30. Rf3 Re1+ 31. Kh2 Ree2 32. Rg3 Rad2 33. h4 Rd1 34. h5 Ree1 35. Rf3 Rh1+ 36. Kg3 Rxh5 37. Qf4 Re1 38. Qb8 Re8 39. Qd6 Rg5+ 40. Kf2 Rf5 41. Rxf5 Bxf5 42. Qf4 h5 43. Kg1 Kh7 44. Qg5 Re1+ 45. Kf2 Re8 46. Kg1 Qc7 47. Be3 Kg8 48. Qh6 Rf8 49. Bd4 Qf7 50. Qg5 Re8 51. Kh2 Kh7 52. Be3 Qf8 53. Bd4 Qd6+ 54. Kg1 Rf8 55. Be3 Rf7 56. Qh6+ Kg8 57. Bd4 Qg3 0-1